| 000 | 00507nam a2200181Ia 4500 | ||
|---|---|---|---|
| 003 | GCL | ||
| 008 | 140319s9999 xx 000 0 aRus d | ||
| 040 |
_aGCL / _cGCL |
||
| 082 | 0 | 4 |
_a015.4373 _bS S |
| 100 | 1 | _aSLOVASKA, VYDAVA MATICA | |
| 245 | 1 | 0 |
_aSLOVENSKA NARODA BIBLIOGRAPHIA / _cSLOVASKA, VYDAVA MATICA |
| 260 |
_a[S.N] : _bREGISTRANCY ROD ، _c1996 |
||
| 650 | 0 | 4 | _aBIBLIOGRAPHIES |
| 650 | 0 | 4 | _aBOOKS |
| 650 | 0 | 4 | _aBIBLIOGRAPHY - SLOVAKIA |
| 650 | 0 | 4 | _aNATIONAL - BIBLIOGRAPHY |
| 942 |
_2ddc _cBK |
||
| 999 |
_c18957 _d18957 |
||